000 00546nam a2200217Ia 4500
005 20250923144635.0
008 008 250917s9999 xx 000 0 eng d
037 _aTextual
040 _aDSWL
_beng
_cDSWL
041 _aeng
_2eng
084 _qDSWL
100 _aSargent, S.S.
_9826906
245 0 _aSocial psychology
_cby S.S.Sargent
260 _aNew York
_bRonald Press Co.
_c1958
300 _ax,649p.
365 _aUSD
_b5
700 _aR.C. Williamson
_9826907
925 _g5
942 _cTEXL
999 _c1441524
_d1441524